000 00320nam a2200133Ia 4500
008 221030s9999 xx 000 0 und d
041 _aEnglish
100 _aK. R. Botkar
245 0 _aIntegrated Circuits
_cby K. R. Botkar
260 _bKhanna Pub.
_aNew Delhi
_c2015
300 _a1110
650 _aECE
942 _cBK
999 _c15888
_d15888